| 000 | 00475nam a2200169Ia 4500 | ||
|---|---|---|---|
| 999 |
_c36191 _d36191 |
||
| 003 | OSt | ||
| 005 | 20201216102608.0 | ||
| 008 | 190216s9999||||xx |||||||||||||| ||und|| | ||
| 040 | _coclc | ||
| 082 |
_a920 _bAGG/R |
||
| 100 |
_aAggarwala, A C _97552 |
||
| 245 | 0 |
_aRajiv Gandhi An Assessment / _cA C Aggarwala |
|
| 260 |
_bAmish Publications, _c1993. _aNew Delhi: |
||
| 300 | _a301p | ||
| 650 | _aHistory | ||
| 942 |
_cREF _2ddc _h920 _iAGG/R _k920 _mAGG/R |
||